| 000 | 00483pab a2200169 454500 | ||
|---|---|---|---|
| 008 | 180718b2003 xxu||||| |||| 00| 0 eng d | ||
| 100 | _aLoveleen Kumar | ||
| 245 | _aApplicability of environmental management system on a municipal corporation to improve urban environment | ||
| 260 | _c2003 | ||
| 300 | _ap.7-17. | ||
| 362 | _aOct-Dec | ||
| 650 | _aLocal government | ||
| 650 | _aUrban environment | ||
| 650 | _aEnvironmental management | ||
| 773 | _aNagarlok | ||
| 909 | _a60679 | ||
| 999 |
_c60679 _d60679 |
||